000 02911nam0a2200421 4500
001 RU\NLR\bibl\1651396
005 20260407030943.0
010 _a978-5-9239-0135-1
_9300
021 _aRU
_b2010-38692
_92589
035 _a(nilc)LIBNET\0000031890
035 _a(NLR Aleph) 001642715
090 _a872158
_c872158
100 _a20100518d2009 |||y0rusy50 ca
101 0 _arus
102 _aRU
105 _aa |||||||||
200 1 _aСухопутный транспорт леса. Глобальные системы позиционирования на лесотранспорте
_eучебное пособие
_eдля студентов вузов, обучающихся по направлению подготовки дипломированных специалистов 250400 (656300) Технология лесозаготовительных и деревоперерабатывающих производств по специальности 250401 (260100) Лесоинженерное дело
_fН.А. Тюрин, А.Н. Тюрин, А.А. Борозна [и др.].
_gФедер. агентство по образованию, Санкт-Петербург. гос. лестотех. академия им. С.М. Кирова, Сыкт. лесной ин-т - фил. гос. образоват. учреждения высш. проф. образования "Санкт-Петербург. гос. лесотех. академия им. С.М. Кирова"
210 _aСыктывкар
_cСЛИ
_d2009
215 _a98 с.
_cил.
_d20
300 _aПосвящается 15-летию Сыктывкарского лесного института
320 _aБиблиогр.: с. 98 (7 назв.)
517 0 _aГлобальные системы позиционирования на лесотранспорте
606 1 _aЛесной транспорт сухопутный
_jУчебные издания для высших учебных заведений
_xГлобальные системы позиционирования
_92613105
_3RU\NLR\auth\661549663
610 1 _aГЛОНАСС
610 1 _aгеографические информационные системы
686 _a43.904.5я7
_vLBC/M
_2rubbk
686 _aП390.56в93я73
701 1 _aТюрин
_bН. А.
_gНиколай Александрович
_4070
701 1 _aТюрин
_bА. Н.
_gАлексей Николаевич
_4070
701 1 _aБорозна
_bА. А.
_cканд. техн. наук, проф.
_gАнатолий Алексеевич
_4070
712 0 2 _4570
_aСыктывкарский лесной институт
_3RU\NLR\AUTH\8810012904
_9523647
801 0 _aRU
_bНБР Коми
_c20100518
_grcr
801 1 _aRU
_bНБР Коми
_c20100518
801 2 _aRU
_bNLR
_c20100701
_grcr
942 _cBOOK
980 _aNB
980 _aNBR